La bibliothéque idâeale des sciences humaines / (Record no. 34634)

MARC details
000 -LEADER
campo de control de longitud fija 01163cam a2200313Ia 4500
001 - NÚMERO DE CONTROL
campo de control 57235
005 - FECHA Y HORA DE LA ÚLTIMA TRANSACCIÓN
campo de control 20230410105332.0
008 - DATOS DE LONGITUD FIJA--INFORMACIÓN GENERAL
campo de control de longitud fija 061212s2006 fr b 001 0 fre d
035 ## - NÚMERO DE CONTROL DEL SISTEMA
Número de control de sistema (OCoLC)ocn154327914
040 ## - FUENTE DE CATALOGACIÓN
Centro catalogador/agencia de origen MUQ
Lengua de catalogación fre
Centro/agencia transcriptor MUQ
Centro/agencia modificador IUL
020 ## - NÚMERO INTERNACIONAL ESTÁNDAR DEL LIBRO
Número Internacional Estándar del Libro 2912601460
020 ## - NÚMERO INTERNACIONAL ESTÁNDAR DEL LIBRO
Número Internacional Estándar del Libro 9782912601469
035 ## - NÚMERO DE CONTROL DEL SISTEMA
Número de control de sistema (OCoLC)154327914
050 14 - SIGNATURA TOPOGRÁFICA DE LA BIBLIOTECA DEL CONGRESO
Número de clasificación Z 6265
050 14 - SIGNATURA TOPOGRÁFICA DE LA BIBLIOTECA DEL CONGRESO
Número de clasificación H61
Número de ítem .B582 2006
245 03 - MENCIÓN DEL TÍTULO
Título La bibliothéque idâeale des sciences humaines /
Mención de responsabilidad, etc. sous la direction de Martine Fournier ; coordonnâe par Emmanuelle Garcia.
260 ## - PUBLICACIÓN, DISTRIBUCIÓN, ETC.
Lugar de publicación, distribución, etc. Auxerre :
Nombre del editor, distribuidor, etc. âEditions Sciences humaines,
Fecha de publicación, distribución, etc. 2006.
300 ## - DESCRIPCIÓN FÍSICA
Extensión 559 p. ;
Dimensiones 24 cm.
500 ## - NOTA GENERAL
Nota general Bibliographies (richly annotated) are arranged in broad categories, e.g.: Anthropologie, Psychologie, Psychanalyse, Education, Sciences du langage, Communication, Sociologie, Sciences de l'âevolution, etc.
500 ## - NOTA GENERAL
Nota general Includes name index.
650 #0 - PUNTO DE ACCESO ADICIONAL DE MATERIA--TÉRMINO DE MATERIA
Término de materia o nombre geográfico como elemento de entrada Social sciences
Subdivisión de forma Bibliography.
650 #6 - PUNTO DE ACCESO ADICIONAL DE MATERIA--TÉRMINO DE MATERIA
Término de materia o nombre geográfico como elemento de entrada Sciences humaines
Subdivisión de forma Bibliographie.
650 #6 - PUNTO DE ACCESO ADICIONAL DE MATERIA--TÉRMINO DE MATERIA
Término de materia o nombre geográfico como elemento de entrada Sciences sociales
Subdivisión de forma Bibliographie.
700 1# - ENTRADA AGREGADA--NOMBRE PERSONAL
Nombre de persona Fournier, Martine.
700 1# - ENTRADA AGREGADA--NOMBRE PERSONAL
Nombre de persona Garcia, Emmanuelle.
942 ## - ELEMENTOS DE ENTRADA SECUNDARIOS (KOHA)
Fuente del sistema de clasificación o colocación Clasificación de Library of Congress
Tipo de ítem Koha
946 ## - PROCESAMIENTO DE INFORMACIÓN LOCAL (OCLC)
a clperez
994 ## -
-- C0
-- DRFGD
Holdings
Estatus retirado Estado de pérdida Fuente del sistema de clasificación o colocación Estado de daño No para préstamo Colección Biblioteca de origen Biblioteca actual Ubicación en estantería Fecha de adquisición Serial enumeration / chronology Signatura topográfica completa Código de barras Visto por última vez Copia número Tipo de ítem Koha
    Clasificación de Library of Congress     Ciencias Sociales Biblioteca Juan Bosch Biblioteca Juan Bosch Ciencias Sociales (3er. Piso) 10/04/2023 3 Z 6265 | H61 .B582 2006 00000058821 24/10/2018 1